Calamity Mod All Weapons (v2.0.4.006) - Statistics

General Stats
  • This quiz has been taken 13 times
  • The average score is 66 of 756
Answer Stats
Class Progression Weapon % Correct
Melee Post-Yharon Ark of the Cosmos
56%
Melee Post-Moon Lord Ark of the Elements
56%
Rogue Pre-Boss Crystalline
56%
Melee Post-3 Mechs Biome Blade
44%
Melee Post-Perfs / HM Broken Biome Blade
44%
Magic Post-Polter Dark Spark
44%
Melee Post-Yharon Dragon Pow
44%
Melee Post-Yharon Dragon Rage
44%
Melee Endgame Earth
44%
Melee Post-Exos Exoblade
44%
Ranged Post-Weaver Seadragon
44%
Rogue Post-Exos Supernova
44%
Melee Post-Deus True Biome Blade
44%
Ranged Post-DoG Anti-materiel Rifle
33%
Ranged Post-Skeletron Archerfish
33%
Summoner Post-Exos Ares' Exoskeleton
33%
Melee Post-Plantera Ark of the Ancients
33%
Melee Post-Deus Astral Blade
33%
Ranged Post-Deus Astral Bow
33%
Melee Post-Skeletron Ball O' Fugu
33%
Melee Post-EoC Basher
33%
Melee Post-EoW / BoC Bladecrest Oathsword
33%
Magic Post-Perfs / HM Blood Bath
33%
Rogue Post-Exos Celestus
33%
Melee Post-WoF Clam Crusher
33%
Ranged Post-SCal Condemnation
33%
Rogue Post-Plantera Duststorm in a Bottle
33%
Summoner Post-Moon Lord Elemental Axe
33%
Summoner Post-DoG Endo Hydra Staff
33%
Summoner Endgame Flamsteed Ring
33%
Magic Pre-Boss Frost Bolt
33%
Melee Post-DoG Galaxia
33%
Rogue Post-WoF Ichor Spear
33%
Ranged Post-Exos Magnomaly Cannon
33%
Ranged Post-Levi Megalodon
33%
Summoner Post-SCal Metastasis
33%
Rogue Endgame Nanoblack Reaper
33%
Ranged Post-Exos Photoviscerator
33%
Magic Post-WoF Poseidon
33%
Rogue Post-WoF Prismalline
33%
Melee Post-Golem Soul Harvester
33%
Rogue Post-Cultist Star of Destruction
33%
Magic Post-Exos Subsuming Vortex
33%
Ranged Post-Exos Surge Driver
33%
Melee Post-Provi Terratomere
33%
Melee Post-Polter Terror Blade
33%
Rogue Post-Exos The Atom Splitter
33%
Melee Post-Yharon The Burning Sky
33%
Ranged Post-PBG The Hive
33%
Melee Post-Provi The Mutilator
33%
Rogue Pre-Boss Throwing Brick
33%
Ranged Post-2 Mechs Titanium Railgun
33%
Melee Post-Plantera Tumbleweed
33%
Ranged Post-Yharon Tyranny's End
33%
Melee Post-SCal Violence
33%
Magic Post-Exos Vivid Clarity
33%
Ranged Endgame Voidragon
33%
Magic Post-Golem Wingman
33%
Melee Post-Levi Abyss Blade
22%
Ranged Post-Yharon Ace's High
22%
Melee Post-Golem Aegis Blade
22%
Ranged Post-Cal Clone Animosity
22%
Ranged Post-Perfs / HM Aquashard Shotgun
22%
Ranged Post-Deus Astral Blaster
22%
Melee Post-Deus Astral Pike
22%
Melee Post-Yharon Ataraxia
22%
Magic Post-Levi Atlantis
22%
Ranged Post-Provi Auralis
22%
Melee Post-Cryogen Avalanche
22%
Melee Post-Polter Banshee Hook
22%
Ranged Post-Plantera Blossom Flux
22%
Melee Post-AS Bonebreaker
22%
Rogue Post-1 Mech Brimblade
22%
Melee Post-Fishron Briny Baron
22%
Ranged Post-WoF Butcher
22%
Rogue Post-Moon Lord Celestial Reaper
22%
Ranged Post-Golem Clock Gatlignum
22%
Ranged Post-Moon Lord Clockwork Bow
22%
Rogue Post-WoF Cobalt Kunai
22%
Melee Post-DoG Cosmic Discharge
22%
Rogue Post-Signus Cosmic Kunai
22%
Summoner Post-DoG Cosmic Viper Engine
22%
Magic Post-DoG Deathhail Staff
22%
Melee Post-Moon Lord Devastation
22%
Melee Post-DoG Devil's Devastation
22%
Ranged Post-Yharon Dragon's Breath
22%
Melee Post-Moon Lord Elemental Lance
22%
Magic Post-Moon Lord Elemental Ray
22%
Rogue Post-DoG Eradicator
22%
Ranged Post-Perfs / HM Eviscerator
22%
Magic Endgame Fabstaff
22%
Ranged Post-Levi Flak Kraken
22%
Magic Post-EoW / BoC Flare Bolt
22%
Summoner Post-Moon Lord Flowers of Mortality
22%
Melee Post-SG Fractured Ark
22%
Magic Post-WoF Frigidflash Bolt
22%
Ranged Post-Crabulon Fungicide
22%
Rogue Post-Polter Ghoulish Gouger
22%
Ranged Post-Folly Golden Eagle
22%
Melee Post-Provi Grax
22%
Magic Post-SCal Gruesome Eminence
22%
Magic Post-Levi Hadal Urn
22%
Ranged Post-Provi Handheld Tank
22%
Ranged Post-Exos Heavenly Gale
22%
Magic Post-Yharon Helium Flash
22%
Magic Post-SCal Heresy
22%
Rogue Pre-Boss Iron Francisca/Lead Tomahawk
22%
Rogue Post-Polter Jaws of Oblivion
22%
Rogue Post-Cryogen Kelvin Catalyst
22%
Melee Post-Provi Lacerator
22%
Ranged Post-SG Lunarian Bow
22%
Rogue Post-PBG Malachite
22%
Ranged Post-WoF Meowthrower
22%
Magic Post-AS Miasma
22%
Melee Post-Provi Mourningstar
22%
Ranged Post-WoF Nitro Express Rifle
22%
Ranged Post-DoG Norfleet
22%
Magic Post-Moon Lord Nuclear Fury
22%
Melee Post-EoW / BoC Old Lord Claymore
22%
Magic Post-DoG Omicron
22%
Melee Post-Golem Omniblade
22%
Ranged Post-Moon Lord Onyx Chain Blaster
22%
Ranged Post-DoG Onyxia
22%
Melee Post-Perfs / HM Perfect Dark
22%
Melee Post-Moon Lord Plague Keeper
22%
Ranged Post-DoG Pulse Rifle
22%
Ranged Post-EoC Pumpler
22%
Magic Post-SCal Rancor
22%
Melee Endgame Red Sun
22%
Magic Post-2 Mechs Relic of Ruin
22%
Ranged Post-Cultist Scorpio
22%
Rogue Post-CV Sealed Singularity
22%
Rogue Post-AS Skyfin Bombers
22%
Melee Post-Exos Spine of Thanatos
22%
Ranged Post-DoG Starmada
22%
Magic Post-Deus Star Shower
22%
Ranged Post-Deus Star Sputter
22%
Rogue Post-Aureus Stellar Knife
22%
Melee Post-Cultist Storm Ruler
22%
Melee Post-WoF Storm Saber
22%
Magic Post-Plantera Tears of Heaven
22%
Ranged Post-Plantera The Ballista
22%
Magic Endgame The Dance of Light
22%
Ranged Post-Exos The Jailor
22%
Melee Post-Polter The Last Mourning
22%
Melee Post-Deus The Microwave
22%
Ranged Post-Weaver The Storm
22%
Rogue Post-PBG The Syringe
22%
Rogue Post-Polter Time Bolt
22%
Melee Post-Aureus Titan Arm
22%
Rogue Post-2 Mechs Titanium Shuriken
22%
Magic Post-SCal Vehemence
22%
Melee Post-Polter Void Edge
22%
Magic Post-Yharon Void Vortex
22%
Summoner Pre-Boss Wulfrum Controller
22%
Rogue Pre-Boss Wulfrum Knife
22%
Melee Pre-Boss Wulfrum Screwdriver
22%
Summoner Post-Yharon Yharon's Kindle Staff
22%
Magic Post-SG Abyssal Tome
11%
Magic Post-Skeletron Abyss Shocker
11%
Ranged Post-2 Mechs Adamantite Particle Accelerator
11%
Rogue Post-2 Mechs Adamantite Throwing Axe
11%
Melee Post-WoF Aftershock
11%
Ranged Post-DoG Alluvion
11%
Magic Post-Aureus Alula Australis
11%
Melee Post-Plantera Anarchy Blade
11%
Ranged Post-Provi Angelic Shotgun
11%
Magic Post-Cal Clone Art Attack
11%
Magic Post-Deus Astral Staff
11%
Summoner Post-Exos Atlas Munitions Beacon
11%
Magic Post-Moon Lord Augur of the Elements
11%
Rogue Post-Aureus Auroradical Throw
11%
Melee Endgame Azathoth
11%
Melee Post-Cultist Baleful Harvester
11%
Ranged Post-DS Barinade
11%
Summoner Post-EoC Belladonna Spirit Staff
11%
Magic Post-Provi Biofusillade
11%
Summoner Post-Aureus Borealis Bomber
11%
Melee Post-Brimmy Brimlance
11%
Melee Post-Cal Clone Brimlash
11%
Melee Post-1 Mech Brimstone Sword
11%
Magic Post-1 Mech Burning Sea
11%
Melee Pre-Boss Burnt Sienna
11%
Summoner Post-Polter Calamari's Lament
11%
Melee Post-WoF Carnage
11%
Melee Post-3 Mechs Catastrophe Claymore
11%
Melee Post-WoF Caustic Edge
11%
Melee Post-WoF Celestial Claymore
11%
Ranged Post-Yharon Chicken Cannon
11%
Ranged Post-WoF Clamor Rifle
11%
Ranged Post-DoG Cleansing Blaze
11%
Melee Post-Plantera Comet Quasher
11%
Ranged Endgame Contagion
11%
Summoner Post-DoG Corvid Harbinger Staff
11%
Magic Post-Cultist Cosmic Rainbow
11%
Ranged Pre-Boss Crackshot Colt
11%
Summoner Post-3 Mechs + Cryo Cryogenic Staff
11%
Magic Post-3 Mechs + Cryo Cryophobia
11%
Rogue Post-WoF Cursed Dagger
11%
Summoner Post-2 Mechs + Cryo Daedalus Golem Staff
11%
Ranged Post-Polter Daemon's Flame
11%
Melee Post-Polter Death's Ascension
11%
Magic Post-2 Mechs Death Valley Duster
11%
Rogue Post-Polter Deep Sea Dumbbell
11%
Rogue Post-Cal Clone Deep Wounder
11%
Melee Post-Skeletron Depth Crusher
11%
Melee Post-Provi Devil's Sunrise
11%
Magic Post-Provi Divine Retribution
11%
Melee Endgame Draconic Destruction
11%
Summoner Post-Levi Dreadmine Staff
11%
Rogue Post-Fishron Duke's Decapitator
11%
Ranged Post-Moon Lord Elemental Blaster
11%
Rogue Post-Moon Lord Elemental Disk
11%
Melee Post-DoG Empyrean Knives
11%
Rogue Post-Skeletron Enchanted Axe
11%
Summoner Endgame Endogenesis
11%
Melee Post-Cultist Entropic Claymore
11%
Ranged Post-Golem Eternal Blizzard
11%
Magic Endgame Eternity
11%
Summoner Post-Polter Ethereal Subjugator
11%
Magic Post-DoG Event Horizon
11%
Melee Post-WoF Evil Smasher
11%
Melee Post-DoG Excelsus
11%
Classless Post-Cultist Eye of Magnus
11%
Melee Post-Golem Fallen Paladin's Hammer
11%
Melee Post-Golem Fault Line
11%
Melee Pre-Boss Feller of Evergreens
11%
Rogue Post-DS Fishbone Boomerang
11%
Ranged Post-WoF Flarewing Bow
11%
Melee Post-SPrime Forbidden Oathblade
11%
Magic Post-Golem Forbidden Sun
11%
Melee Post-2 Mechs Forsaken Saber
11%
Summoner Pre-Boss Frost Blossom Staff
11%
Melee Post-DoG Galaxy Smasher
11%
Summoner Post-Polter Gamma Heart
11%
Rogue Post-SG Gel Dart
11%
Melee Post-SG Gelitic Blade
11%
Magic Post-Moon Lord Genesis
11%
Rogue Pre-Boss Gilded/Gleaming Dagger
11%
Summoner Post-Cryogen Glacial Embrace
11%
Rogue Post-Skeletron Glaive
11%
Rogue Post-DoG Gods' Paranoia
11%
Melee Post-Perfs / HM Goldplume Spear
11%
Melee Post-Cultist Grand Guardian
11%
Melee Post-Moon Lord Greatsword of Judgement
11%
Melee Post-Levi Greentide
11%
Summoner Post-Provi Guidelight of Oblivion
11%
Ranged Post-SG Gunk Shot
11%
Rogue Post-Queen Bee Hardened Honeycomb
11%
Summoner Post-EoC Harvest Staff
11%
Rogue Post-Aureus Heavenfallen Stardisk
11%
Melee Post-Golem Hellfire Flamberge
11%
Melee Post-Plantera Hellkite
11%
Rogue Post-Moon Lord Hell's Sun
11%
Magic Post-EoW / BoC Hellwing Staff
11%
Summoner Post-Aureus Hive Pod
11%
Melee Post-Provi Holy Collider
11%
Rogue Post-Cryogen Icebreaker
11%
Rogue Post-Cryogen Ice Star
11%
Magic Pre-Boss Icicle Staff
11%
Magic Post-Cryogen Icicle Trident
11%
Melee Endgame Iridescent Excalibur
11%
Magic Post-Levi Keelhaul
11%
Melee Post-Provi Lifehunt Scythe
11%
Summoner Post-Yharon Lilies of Finality
11%
Rogue Post-Moon Lord Lunar Kunai
11%
Melee Post-Destroyer + Mech Majestic Guard
11%
Magic Post-EoC Mana Rose
11%
Rogue Post-EoW / BoC Meteor Fist
11%
Summoner Post-Yharon Midnight Sun Beacon
11%
Ranged Post-Polter Monsoon
11%
Melee Post-DoG Murasama
11%
Melee Post-Crabulon Mycelial Claws
11%
Rogue Post-1 Mech Mythril Knife
11%
Melee Post-Yharon Nadir
11%
Ranged Post-WoF Needler
11%
Melee Post-Polter Neptune's Bounty
11%
Magic Post-SG Night's Ray
11%
Melee Post-Cal Clone Oblivion
11%
Melee Post-DoG Orderbringer
11%
Rogue Post-1 Mech Orichalcum Spiked Gemstone
11%
Summoner Post-AS Orthocera Shell
11%
Ranged Post-WoF P90
11%
Rogue Post-WoF Palladium Javelin
11%
Summoner Post-SCal Perdition
11%
Ranged Post-DoG Phangasm
11%
Magic Post-Polter Phantasmal Fury
11%
Rogue Post-Plantera Phantasmal Ruin
11%
Magic Post-Yharon Phoenix Flame Barrage
11%
Melee Post-Exos Photon Ripper
11%
Magic Post-Plantera Photosynthesis
11%
Magic Post-PBG Plague Staff
11%
Summoner Post-Plantera Plantation Staff
11%
Summoner Post-DoG Pole Warper
11%
Magic Post-Provi Purge Guzzler
11%
Melee Post-3 Mechs Pwnagehammer
11%
Magic Endgame Rainbow Party Cannon
11%
Ranged Post-Ravager Realm Ravager
11%
Summoner Post-Golem Resurrection Butterfly
11%
Melee Post-DS Riptide
11%
Magic Post-Folly Rouge Slash
11%
Melee Post-WoF Roxcalibur
11%
Ranged Post-DoG Rubico Prime
11%
Rogue Post-SCal Sacrifice
11%
Summoner Post-Moon Lord Sanctified Spark
11%
Summoner Post-Plantera Sand Sharknado Staff
11%
Rogue Post-Plantera Sandslasher
11%
Ranged Post-Plantera Sandstorm
11%
Melee Post-Perfs / HM Sausage Maker
11%
Rogue Endgame Scarlet Devil
11%
Ranged Post-DoG Scorched Earth
11%
Rogue Post-DS Scourge of the Desert
11%
Rogue Post-AS Scourge of the Seas
11%
Ranged Post-DoG SDFMG
11%
Rogue Post-Yharon Seared Pan
11%
Ranged Post-AS Sea's Searing
11%
Ranged Post-Perfs / HM Shadethrower
11%
Magic Post-Polter Shadowbolt Staff
11%
Rogue Post-Cultist Shard of Antumbra
11%
Ranged Post-Cultist Shroomer
11%
Summoner Post-SG Slime Puppet Staff
11%
Ranged Endgame Soma Prime
11%
Ranged Post-1 Mech Speed Blaster
11%
Summoner Pre-Boss Squirrel Squire Staff
11%
Ranged Post-DoG Starmageddon
11%
Ranged Post-Aureus Stellar Cannon
11%
Rogue Post-EoC Sticky Spiky Ball
11%
Ranged Post-Weaver Storm Dragoon
11%
Ranged Post-DS Storm Surge
11%
Rogue Post-Golem Subduction Slicer
11%
Summoner Pre-Boss Sun Spirit Staff
11%
Ranged Endgame Svantechnical
11%
Rogue Post-PBG System Bane
11%
Melee Post-EoW / BoC Tainted Blade
11%
Melee Post-EoC Teardrop Cleaver
11%
Ranged Post-Provi Telluric Glare
11%
Melee Post-Cultist Tenebreus Tides
11%
Melee Post-DoG The Enforcer
11%
Melee Post-SG The God's Gambit
11%
Melee Post-DoG The Obliterator
11%
Magic Post-Provi The Prince
11%
Magic Post-Cultist The Swarmer
11%
Magic Post-Provi Thorn Blossom
11%
Rogue Post-Cal Clone Totality Breakers
11%
Rogue Post-Old Duke Toxicant Twister
11%
Summoner Post-1 Mech Tundra Flame Blossoms Staff
11%
Ranged Post-DoG Ultima
11%
Melee Post-Ravager Ultimus Cleaver
11%
Magic Post-Moon Lord Ultra Liquidator
11%
Magic Post-Levi Undine's Retribution
11%
Summoner Endgame Universe Splitter
11%
Rogue Post-Moon Lord Utensil Poker
11%
Rogue Post-Polter Valediction
11%
Magic Post-3 Mechs Valkyrie Ray
11%
Ranged Post-Cultist Vortexpopper
11%
Melee Post-Perfs / HM Wind Blade
11%
Magic Post-Golem Winter's Fury
11%
Ranged Pre-Boss Wulfrum Blunderbuss
11%
Classless Post-Golem Yanmei's Knife
11%
Melee Post-EoC Yateveo Bloom
11%
Magic Post-Yharon Yharim's Crystal
11%
Summoner Post-Aureus Abandoned Slime Staff
0%
Melee Post-Golem Absolute Zero
0%
Magic Post-EoC Acid Gun
0%
Rogue Post-AS Acidic Rain Barrel
0%
Classless Post-Perfs / HM Aestheticus
0%
Magic Post-Yharon Aetherflux Cannon
0%
Magic Post-Signus Aether's Whisper
0%
Melee Post-Perfs / HM Air Spinner
0%
Rogue Post-Moon Lord Alpha Virus
0%
Melee Post-DS Amidias' Trident
0%
Magic Post-Levi Anahita's Arpeggio
0%
Summoner Post-WoF Ancient Ice Chunk
0%
Melee Post-Perfs / HM Aorta
0%
Rogue Post-Levi Apoctolith
0%
Magic Post-Moon Lord Apoctosis Array
0%
Magic Endgame Apotheosis
0%
Magic Post-DS Aquamarine Staff
0%
Summoner Post-Weaver Aqua's Scepter
0%
Ranged Post-Twins Arbalest
0%
Magic Post-Cultist Arch Amaryllis
0%
Ranged Post-Golem Arc Nova Diffuser
0%
Magic Post-3 Mechs + Cryo Arctic Bear Paw
0%
Ranged Post-Plantera Arietes 41
0%
Ranged Post-Provi Arterial Assault
0%
Rogue Post-EoW / BoC Ashen Stalactite
0%
Magic Post-Moon Lord Asteroid Staff
0%
Magic Post-Aureus Astralachnea Staff
0%
Melee Post-Aureus Astral Scythe
0%
Ranged Post-Moon Lord Astreal Defeat
0%
Ranged Post-Aureus Aurora Blazer
0%
Melee Post-WoF Axe of Purity
0%
Rogue Post-Levi Ballistic Poison Bomb
0%
Ranged Post-AS Barinautical
0%
Ranged Post-Golem Barracuda Gun
0%
Magic Post-AS Belching Saxophone
0%
Magic Post-Skeletron Black Anurian
0%
Summoner Post-WoF Black Hawk Remote
0%
Ranged Post-Plantera Bladedge Railbow
0%
Rogue Post-WoF Blast Barrel
0%
Rogue Post-WoF Blazing Star
0%
Melee Post-Plantera Blighted Cleaver
0%
Ranged Post-PBG Blight Spewer
0%
Ranged Post-Provi Blissful Bombardier
0%
Ranged Post-Provi Blood Boiler
0%
Rogue Post-Provi Bloodsoaked Crasher
0%
Melee Post-Plantera Botanic Piercer
0%
Rogue Post-EoC Bouncing Eyeball
0%
Rogue Post-EoC Bouncy Spiky Ball
0%
Rogue Post-Levi Brackish Flask
0%
Magic Post-1 Mech Brimrose Staff
0%
Ranged Post-1 Mech Brimstone Fury
0%
Summoner Post-DS Brittle Star Staff
0%
Ranged Post-Perfs / HM Bullet-Filled Shotgun
0%
Melee Post-Provi Burning Revelation
0%
Rogue Post-WoF Burning Strife
0%
Summoner Post-Old Duke Cadaverous Carrion
0%
Summoner Post-EoC Caustic Croaker Staff
0%
Summoner Post-WoF Caustic Staff
0%
Magic Post-Moon Lord Chronomancer's Scythe
0%
Summoner Post-EoW / BoC Cinder Blossom Staff
0%
Summoner Post-SCal Cinders of Lament
0%
Rogue Post-Skeletron Cinquedea
0%
Magic Post-Polter Clamor Noctus
0%
Ranged Post-Provi Claret Cannon
0%
Magic Post-WoF Clothier's Wrath
0%
Summoner Post-DS Cnidarian
0%
Ranged Post-Cultist Conference Call
0%
Rogue Post-2 Mechs Conscerated Water
0%
Rogue Post-EoC Contaminated Bile
0%
Ranged Post-Golem Continental Greatbow
0%
Ranged Post-DS Coral Cannon
0%
Magic Post-DS Coral Spout
0%
Ranged Post-Weaver Corinth Prime
0%
Rogue Post-Ravager Corpus Avertor
0%
Ranged Post-AS Corroded Caustibow
0%
Summoner Post-SG Corroslime/Crimslime Staff
0%
Summoner Post-Exos Cosmic Immaterializer
0%
Melee Post-DoG Cosmic Shiv
0%
Summoner Post-Signus Cosmilamp
0%
Rogue Post-Ravager Cranium Smasher
0%
Melee Post-Polter Crescent Moon
0%
Rogue Post-Cal Clone Crushsaw Crasher
0%
Rogue Post-2 Mechs + Cryo Crystal Piercer
0%
Summoner Post-Perfs / HM Dank Staff
0%
Ranged Post-2 Mechs + Cryo Darkecho Greatbow
0%
Melee Post-2 Mechs + Cryo Darklight Greatsword
0%
Summoner Post-Provi Dazzling Stabber Staff
0%
Ranged Post-Cultist Dead Sun’s Wind
0%
Summoner Post-EoC Deathstare Rod
0%
Ranged Post-DoG Deathwind
0%
Ranged Post-1 Mech Deepcore GK2
0%
Summoner Post-AS Deepsea Staff
0%
Rogue Post-Plantera Defective Sphere
0%
Melee Post-Provi Defiled Greatsword
0%
Rogue Post-2 Mechs Desecrated Water
0%
Melee Post-PBG Diseased Pike
0%
Ranged Post-Moon Lord Disseminator
0%
Ranged Post-Polter Dodu's Handcannon
0%
Summoner Post-Brimmy Dormant Brimseeker
0%
Magic Post-AS Downpour
0%
Summoner Post-Provi Dragonblood Disgorger
0%
Ranged Post-Skeletron Dragoon Drizzlefish
0%
Ranged Post-Yharon Drataliornus
0%
Rogue Post-Yharon Dynamic Pursuer
0%
Melee Post-WoF Earthen Pike
0%
Rogue Post-DoG Eclipse's Fall
0%
Magic Post-Moon Lord Effervescence
0%
Magic Post-Polter Eidolic Wail
0%
Magic Post-Polter Eidolon Staff
0%
Magic Post-SG Eldritch Tome
0%
Ranged Post-Moon Lord Elemental Eruption
0%
Melee Post-Moon Lord Elemental Shiv
0%
Summoner Post-DS Enchanted Conch
0%
Summoner Post-Cal Clone Entropy's Vigil
0%
Rogue Post-Golem Epidemic Shredder
0%
Rogue Post-WoF Equanimity
0%
Melee Post-DoG Essence Flayer
0%
Melee Post-WoF Eutrophic Scimitar
0%
Magic Post-Plantera Everglade Spray
0%
Melee Post-PBG Exalted Oathblade
0%
Rogue Post-DoG Executioner's Blade
0%
Rogue Post-3 Mechs Exorcism
0%
Summoner Post-SG Eye of Night
0%
Magic Post-DoG Face Melter
0%
Rogue Post-Plantera Fantasy Talisman
0%
Magic Post-Polter Fate's Reveal
0%
Rogue Post-Perfs / HM Feather Knife
0%
Melee Post-Plantera Feralthorn Claymore
0%
Ranged Post-Old Duke Fetid Emesis
0%
Ranged Post-EoW / BoC Firestorm Cannon
0%
Ranged Post-AS Flak Toxicannon
0%
Melee Post-2 Mechs + Cryo Flarefrost Blade
0%
Summoner Post-Perfs / HM Flesh of Infidelity
0%
Melee Post-Levi Floodtide
0%
Ranged Post-Skeletron Flurrystorm Cannon
0%
Summoner Post-2 Mechs Forgotten Apex Wand
0%
Ranged Post-Provi Freedom Star
0%
Rogue Post-Twins Frequency Manipulator
0%
Ranged Post-Cryogen Frostbite Blaster
0%
Rogue Post-Plantera Frostcrush Valari
0%
Rogue Post-Cal Clone Frosty Flare
0%
Summoner Post-PBG Fuel Cell Bundle
0%
Rogue Post-WoF Gacruxian Mollusk
0%
Melee Post-SCal Gael's Greatsword
0%
Melee Post-Provi Galactus Blade
0%
Ranged Post-Perfs / HM Galeforce
0%
Melee Post-Polter Galileo Gladius
0%
Melee Post-PBG Galvanizing Glaive
0%
Summoner Post-Levi Gastric Belcher Staff
0%
Magic Post-PBG Gatling Laser
0%
Melee Post-Perfs / HM Gauss Dagger
0%
Magic Post-Destroyer Gauss Pistol
0%
Ranged Post-PBG Gauss Rifle
0%
Magic Post-Polter Ghastly Visage
0%
Melee Post-Folly Gilded Proboscis
0%
Magic Post-3 Mechs Gleaming Magnolia
0%
Magic Post-WoF Glorious End
0%
Ranged Post-SG Goobow
0%
Rogue Post-SPrime Grave Grimreaver
0%
Ranged Endgame Halibut Cannon
0%
Ranged Post-Polter Halley's Inferno
0%
Summoner Post-WoF Haunted Scroll
0%
Ranged Post-Cal Clone Havoc's Breath
0%
Ranged Post-Provi Heavy Laser Rifle
0%
Ranged Post-Brimmy Hellborn
0%
Melee Post-Plantera Hellion Flower Spear
0%
Ranged Post-Golem Helstorm
0%
Magic Post-Ravager Hematemesis
0%
Summoner Post-Skeletron Herring Staff
0%
Ranged Post-Cryogen Hoarfrost Bow
0%
Ranged Post-Plantera Hydra
0%
Melee Post-Twins Hydraulic Volt Crasher
0%
Magic Post-Crabulon Hyphae Rod
0%
Rogue Post-DoG Hypothermia
0%
Magic Post-DoG Ice Barrage
0%
Summoner Post-1 Mech Igneous Exaltation
0%
Melee Endgame Illustrious Knives
0%
Summoner Post-PBG Infected Remote
0%
Melee Post-SPrime Inferna Cutter
0%
Rogue Post-EoW / BoC Infernal Kris
0%
Magic Post-Golem Infernal Rift
0%
Rogue Post-Crabulon Infested Clawmerang
0%
Ranged Post-DoG Infinity
0%
Melee Post-Old Duke Insidious Impaler
0%
Magic Post-SPrime + Mech Ion Blaster
0%
Ranged Post-DoG Karasawa
0%
Summoner Post-Signus King of Constellations, Tenryu
0%
Ranged Post-Yharon Kingsbane
0%
Rogue Post-Skeletron Kylie
0%
Magic Post-Cal Clone Lashes of Chaos
0%
Magic Post-Cultist Lazhar
0%
Rogue Post-Aureus Leonid Progenitor
0%
Rogue Post-Levi Leviathan Teeth
0%
Ranged Post-Levi Leviatitan
0%
Magic Post-DoG Light God's Brilliance
0%
Rogue Post-Skeletron Lionfish
0%
Melee Post-Polter Lion Heart
0%
Melee Post-Golem Lucrecia
0%
Classless Post-WoF Lunic Eye
0%
Magic Post-Moon Lord Mad Alchemist's Cocktail Glove
0%
Ranged Post-EoW / BoC Magna Cannon
0%
Magic Post-Signus Magnetic Meltdown
0%
Ranged Post-PBG Malevolence
0%
Rogue Post-Plantera Mangrove Chakram
0%
Melee Post-Plantera Mantis Claws
0%
Ranged Post-Plantera Marksman Bow
0%
Ranged Post-SPrime Matter Modulator
0%
Rogue Post-Skeletron Metal Monstrosity
0%
Ranged Post-WoF Midas Prime
0%
Ranged Post-2 Mechs Mineral Mortar
0%
Melee Post-CV Mirror Blade
0%
Summoner Post-DoG Mirror of Kalandra
0%
Magic Post-CV Mistlestorm
0%
Ranged Post-CV Molecular Manipulator
0%
Rogue Post-Provi Molten Amputator
0%
Rogue Post-Plantera Monkey Darts
0%
Melee Pre-Boss Monstrous Knives
0%
Summoner Post-SPrime Mounted Scanner
0%
Summoner Post-Old Duke Mutated Truffle
0%
Rogue Post-Crabulon Mycoroot
0%
Magic Post-Cultist Nano Purge
0%
Rogue Pre-Boss Nasty Cholla
0%
Melee Post-Aureus Nebulash
0%
Magic Post-DoG Nebulous Cataclysm
0%
Ranged Post-Provi Nettlevine Greatbow
0%
Rogue Post-Polter Night's Gaze
0%
Ranged Post-Golem Nullification Pistol
0%
Rogue Post-1 Mech Nychthemeron
0%
Ranged Post-EoW / BoC Opal Striker
0%
Ranged Post-SG Overloaded Blaster
0%
Melee Post-PBG Pandemic
0%
Magic Post-EoC Parasitic Scepter
0%
Ranged Post-Polter Pearl God
0%
Rogue Post-DoG Penumbra
0%
Ranged Post-PBG Pestilent Defiler
0%
Melee Post-DoG Phaseslayer
0%
Melee Post-Polter Phosphorescent Gauntlet
0%
Rogue Post-Golem Plaguenade
0%
Ranged Post-PBG Plague Tainted SMG
0%
Ranged Post-Moon Lord Planetary Annihilation
0%
Magic Post-Provi Plasma Caster
0%
Rogue Post-DoG Plasma Grenade
0%
Magic Post-Provi Plasma Rifle
0%
Magic Post-EoC Plasma Rod
0%
Rogue Post-EoC Poison Pack
0%
Ranged Post-WoF Polaris Parrotfish
0%
Summoner Post-DS Polyp Launcher
0%
Ranged Post-Moon Lord Prideful Hunter's Planar Ripper
0%
Magic Post-DoG Primordial Ancient
0%
Magic Post-Plantera Primordial Earth
0%
Multiclass Post-DoG Prismatic Breaker
0%
Ranged Post-Provi Pristine Fury
0%
Rogue Post-Provi Profaned Partisan
0%
Summoner Post-Crabulon Puff Shroom
0%
Melee Post-Provi Pulse Dragon
0%
Magic Post-Perfs / HM Pulse Pistol
0%
Summoner Post-PBG Pulse Turret Remote
0%
Melee Post-Plantera Quagmire
0%
Rogue Post-Deus Radiant Star
0%
Rogue Post-Sentinels Reality Rupture
0%
Magic Post-DoG Recitation of the Beast
0%
Melee Post-DS Redtide Spear
0%
Ranged Post-DS Reed Blowgun
0%
Rogue Post-Exos Refraction Rotor
0%
Rogue Post-Deus Regulus Riot
0%
Melee Post-Moon Lord Rem's Revenge
0%
Melee Post-Cultist Respiteblock
0%
Rogue Post-Perfs / HM Rot Ball
0%
Summoner Pre-Boss Rusty Beacon Prototype
0%
Melee Post-DS Sahara Slicers
0%
Rogue Post-Plantera Samsara Slicer
0%
Rogue Post-DS Sand Dollar
0%
Magic Post-DS Sandstream Scepter
0%
Magic Post-Provi Sanguine Flare
0%
Summoner Post-DoG Saros Possession
0%
Summoner Post-EoW / BoC Scab Ripper
0%
Melee Post-DoG Scourge of the Cosmos
0%
Rogue Post-DS Seafoam Bomb
0%
Melee Post-DS Seashine Sword
0%
Melee Post-Provi Seeking Scorcher
0%
Magic Post-Brimmy Seething Discharge
0%
Ranged Post-Old Duke Septic Skewer
0%
Rogue Post-Yharon Seraphim
0%
Magic Post-WoF Serpentine
0%
Magic Post-2 Mechs + Cryo Shadecrystal Barrage
0%
Magic Post-Perfs / HM Shaderain Staff
0%
Rogue Post-Provi Shattered Sun
0%
Summoner Post-WoF Shellfish Staff
0%
Ranged Post-DS Shellshooter
0%
Magic Post-Plantera Shifting Sands
0%
Melee Post-2 Mechs + Cryo Shimmerspark
0%
Rogue Post-Skeletron Shinobi Blade
0%
Rogue Post-Golem Shock Grenade
0%
Magic Post-1 Mech SHPC
0%
Ranged Post-Moon Lord Shredder
0%
Summoner Post-Polter Sirius
0%
Magic Post-EoC Sky Glaze
0%
Rogue Post-Perfs / HM Sky Stabber
0%
Ranged Post-WoF Slag Magnum
0%
Rogue Post-Skeletron Slick Cane
0%
Magic Post-AS Slithering Eels
0%
Rogue Post-EoW / BoC Sludge Splotch
0%
Melee Post-EoW / BoC Smoking Comet
0%
Summoner Post-Provi Snake Eyes
0%
Rogue Post-DS Snap Clam
0%
Magic Post-Cryogen Snowstorm Staff
0%
Melee Post-Moon Lord Solstice Claymore
0%
Magic Post-DoG Soul Piercer
0%
Magic Post-DS Sparkling Empress
0%
Ranged Pre-Boss Spark Spreader
0%
Rogue Post-3 Mechs Spear of Destiny
0%
Rogue Post-2 Mechs Spear of Paleolith
0%
Ranged Post-Cultist Spectralstorm Cannon
0%
Rogue Post-AS Spent Fuel Container
0%
Summoner Post-Ravager Spikecrag Staff
0%
Ranged Post-Provi Spyker
0%
Magic Endgame Staff of Blushie
0%
Summoner Post-Skeletron Staff of Necrosteocytes
0%
Summoner Post-DoG Staff of the Mechworm
0%
Ranged Post-Moon Lord Starfleet
0%
Melee Post-2 Mechs + Cryo Starnight Lance
0%
Summoner Post-Deus Starspawn Helix Staff
0%
Summoner Post-Perfs / HM Star Swallower Containment Unit
0%
Melee Post-Moon Lord Stellar Contempt
0%
Melee Post-Moon Lord Stellar Striker
0%
Summoner Post-Weaver Stellar Torus Staff
0%
Rogue Post-1 Mech Stormfront Razor
0%
Summoner Pre-Boss Stormjaw Staff
0%
Melee Post-DoG Stream Gouge
0%
Melee Post-Golem Stygian Shield
0%
Melee Post-AS Submarine Shocker
0%
Ranged Post-Polter Sulphuric Acid Cannon
0%
Melee Post-AS Sulphurous Grabber
0%
Melee Post-Folly Swordsplosion
0%
Summoner Post-Moon Lord Tactical Plague Engine
0%
Magic Post-CV Tactician's Trump Card
0%
Rogue Post-Provi Tarragon Throwing Dart
0%
Ranged Post-Perfs / HM Taser
0%
Summoner Endgame Temporal Umbrella
0%
Rogue Post-3 Mechs Terror Talons
0%
Magic Post-DoG Tesla Cannon
0%
Magic Post-Weaver Teslastaff
0%
Ranged Post-DoG The Anomaly's Nanogun
0%
Magic Post-EoW / BoC The Cauldron
0%
Melee Post-WoF The Dark Master
0%
Rogue Post-Yharon The Final Dawn
0%
Ranged Post-Polter The Maelstrom
0%
Rogue Post-Old Duke The Old Reaper
0%
Melee Post-Yharon The Oracle
0%
Ranged Post-DoG The Pack
0%
Ranged Post-WoF Thermocline Blaster
0%
Ranged Post-Signus The Sevens Striker
0%
Magic Post-Yharon The Wand
0%
Magic Post-Weaver Thunderstorm
0%
Magic Post-Cultist Tome of Fates
0%
Rogue Post-Perfs / HM Tooth Ball
0%
Ranged Post-EoC Toxibow
0%
Rogue Post-Perfs / HM Tracking Disk
0%
Magic Post-Perfs / HM Tradewinds
0%
Melee Endgame Triactis' Hammer
0%
Rogue Post-Perfs / HM Turbulance
0%
Rogue Post-Weaver Twisting Thunder
0%
Melee Post-Levi Typhon's Greed
0%
Ranged Post-DoG Universal Genesis
0%
Melee Post-DS Urchin Flail
0%
Melee Post-DS Urchin Mace
0%
Rogue Pre-Boss Urchin Stinger
0%
Magic Pre-Boss Veering Wind
0%
Melee Post-Perfs / HM Vein Burster
0%
Summoner Post-3 Mechs Vengeful Sun Staff
0%
Magic Post-Polter Venusian Trident
0%
Ranged Post-Plantera Vernal Bolter
0%
Magic Post-Ravager Vesuvius
0%
Summoner Post-SCal Vigilance
0%
Summoner Post-EoW / BoC Vile Feeder
0%
Summoner Post-Plantera Viral Sprout
0%
Summoner Post-Provi Virid Vanguard
0%
Melee Post-PBG Virulence
0%
Magic Post-Provi Viscera
0%
Magic Post-Old Duke Vitriolic Viper
0%
Summoner Post-CV Void Concentration Staff
0%
Magic Post-DoG Voltaic Climax
0%
Melee Post-Golem Vulcanite Lance
0%
Summoner Post-Polter Warloks' Moon Fist
0%
Rogue Post-Provi Wave Pounder
0%
Rogue Post-WoF Wave Skipper
0%
Magic Post-DS Waywasher
0%
Rogue Pre-Boss Web Ball
0%
Ranged Post-Plantera Wildfire Bloom
0%
Summoner Post-Golem Wither Blossoms Staff
0%
Magic Post-Plantera Wrath of the Ancients
0%
Rogue Post-Yharon Wrathwing
0%
Magic Pre-Boss Wulfrum Prosthesis
0%
Magic Post-1 Mech Wyvern's Call
0%
Melee Post-WoF Yin-Yo
0%
No matching quizzes found
Score Distribution
Percent of People with Each Score
Percentile by Number Answered
Your Score History
You have not taken this quiz